Carmen / (Record no. 193994)

MARC details
000 -LEADER
campo de control de longitud fija 02933cjm a2200601 i 4500
001 - NÚMERO DE CONTROL
campo de control 193994
003 - IDENTIFICADOR DE NÚMERO DE CONTROL
campo de control SpMaBN
005 - FECHA Y HORA DE LA ÚLTIMA TRANSACCIÓN
campo de control 20250904042247.0
007 - CAMPO FIJO DE DESCRIPCIÓN FÍSICA--INFORMACIÓN GENERAL
campo de control de longitud fija sd*fsngnnmmned
008 - DATOS DE LONGITUD FIJA--INFORMACIÓN GENERAL
campo de control de longitud fija 240209s2006 sp opn d / fre
015 ## - NÚMERO DE BIBLIOGRAFÍA NACIONAL
Número de bibliografía nacional SON06
017 ## - NÚMERO DE COPYRIGHT O DE DEPÓSITO LEGAL
Número de copyright o de depósito legal M 48033-2006
Agencia que asigna Oficina Depósito Legal Madrid
020 ## - NÚMERO INTERNACIONAL ESTÁNDAR DEL LIBRO
Número Internacional Estándar del Libro 9788493542832
035 ## - NÚMERO DE CONTROL DEL SISTEMA
Número de control de sistema (OCoLC)431145768
040 ## - FUENTE DE CATALOGACIÓN
Centro catalogador/agencia de origen SpMaBN
Lengua de catalogación spa
Centro/agencia transcriptor SpMaBN
Normas de descripción rdc
100 1# - ENTRADA PRINCIPAL--NOMBRE DE PERSONA
Nombre de persona Bizet, Georges,
Fechas asociadas al nombre 1838-1875
Número de control del registro de autoridad o número normalizado XX911734
9 (RLIN) 240503
Término indicativo de función/relación Compositor
240 10 - TÍTULO UNIFORME
Título uniforme Carmen
245 10 - MENCIÓN DEL TÍTULO
Título Carmen /
Mención de responsabilidad, etc. Bizet ; libreto de Henri Meilhac y Ludovic Halévy
Medio [Grabación sonora]
260 ## - PUBLICACIÓN, DISTRIBUCIÓN, ETC.
Lugar de publicación, distribución, etc. Madrid :
Nombre del editor, distribuidor, etc. Prisa Innova,
Fecha de publicación, distribución, etc. D.L. 2006
264 ## - PRODUCCIÓN, PUBLICACIÓN, DISTRIBUCIÓN, FABRICACIÓN Y COPYRIGHT
Producción, publicación, distribución, fabricación y copyright ©2007
300 ## - DESCRIPCIÓN FÍSICA
Extensión 2 discos (CD Audio) +
Material acompañante/anejo 1 libro (92 páginas)
336 ## - TIPO DE CONTENIDO
Fuente rdacontent
Término de tipo de contenido música (interpretada)
337 ## - TIPO DE MEDIO
Fuente rdamedia
Nombre/término del tipo de medio audio
338 ## - TIPO DE SOPORTE
Fuente rdacarrier
Nombre/término del tipo de soporte volumen
490 1# - MENCIÓN DE SERIE
Mención de serie Los clásicos de la ópera, 400 años ;
Designación de volumen o secuencia 2
500 ## - NOTA GENERAL
Nota general Remasterizado
511 1# - NOTA DE PARTICIPANTES O INTÉRPRETES
Nota de participantes o intérpretes Giulietta Simionato, Nicolai Gedda, Hilde Güden, Michel Roux, Graziella Sciutti, Luisa Ribacchi, Gino del Signore, Mario Carlin, Enzo Sordello, Frederick Guthrie ; Orquesta Sinfónica de Viena ; Herbert von Karajan, director musical.
518 ## - NOTA DE FECHA/HORA Y LUGAR DE UN ACONTECIMIENTO
Nota de fecha/hora y lugar de un acontecimiento Grabado en el Musikverein de Viena en octubre de 1954
520 ## - RESUMEN, ETC.
Sumario, etc. Puede decirse de Carmen que es la más española de las óperas, y a la vez la más francesa. Una obra que contiene todos los tópicos hispanos —la gitana, el torero, los contrabandistas...— y que, gracias a una música absolutamente genial, ha traspasado las fronteras territoriales para convertirse en un mito de alcance universal, como Don Juan o Fausto.
650 #7 - PUNTO DE ACCESO ADICIONAL DE MATERIA--TÉRMINO DE MATERIA
Término de materia o nombre geográfico como elemento de entrada Óperas-
9 (RLIN) 137584
Subdivisión de forma Libretos
655 #7 - TERMINO DE INDIZACIÓN--GENERO/FORMA
Datos o término principal de género/forma Libretos
Fuente del término
9 (RLIN) 242219
700 1# - ENTRADA AGREGADA--NOMBRE PERSONAL
Nombre de persona Meilhac, Henri,
Fechas asociadas al nombre 1831-1897
9 (RLIN) 235569
Término indicativo de función/relación Libretista
700 1# - ENTRADA AGREGADA--NOMBRE PERSONAL
Nombre de persona Halévy, Ludovic,
Fechas asociadas al nombre 1834-1908
9 (RLIN) 240505
Término indicativo de función/relación Libretista
700 1# - ENTRADA AGREGADA--NOMBRE PERSONAL
Nombre de persona Simionato, Giulietta,
Fechas asociadas al nombre 1910-2010
9 (RLIN) 235571
Término indicativo de función/relación Intérprete
700 1# - ENTRADA AGREGADA--NOMBRE PERSONAL
Nombre de persona Gedda, Nicolai,
Fechas asociadas al nombre 1925-2017
9 (RLIN) 235572
Término indicativo de función/relación Intérprete
700 1# - ENTRADA AGREGADA--NOMBRE PERSONAL
Nombre de persona Güden, Hilde,
Fechas asociadas al nombre 1917-1988
9 (RLIN) 235573
Término indicativo de función/relación Intérprete
700 1# - ENTRADA AGREGADA--NOMBRE PERSONAL
Nombre de persona Roux, Michel,
Fechas asociadas al nombre 1924-1998
9 (RLIN) 235574
Término indicativo de función/relación Intérprete
700 1# - ENTRADA AGREGADA--NOMBRE PERSONAL
Nombre de persona Sciutti, Graziella,
Fechas asociadas al nombre 1932-2001
9 (RLIN) 235575
Término indicativo de función/relación Intérprete
700 1# - ENTRADA AGREGADA--NOMBRE PERSONAL
Nombre de persona Ribacchi, Luisa
9 (RLIN) 235576
Término indicativo de función/relación Intérprete
700 1# - ENTRADA AGREGADA--NOMBRE PERSONAL
Nombre de persona Signore, Gino del,
Fechas asociadas al nombre 1906-1978
9 (RLIN) 235577
Término indicativo de función/relación Intérprete
700 1# - ENTRADA AGREGADA--NOMBRE PERSONAL
Nombre de persona Carlin, Mario,
Fechas asociadas al nombre 1915-1984
9 (RLIN) 235578
Término indicativo de función/relación Intérprete
700 1# - ENTRADA AGREGADA--NOMBRE PERSONAL
Nombre de persona Sordello, Enzo
9 (RLIN) 235579
Término indicativo de función/relación Intérprete
700 1# - ENTRADA AGREGADA--NOMBRE PERSONAL
Nombre de persona Guthrie, Frederick
9 (RLIN) 235580
Término indicativo de función/relación Intérprete
700 1# - ENTRADA AGREGADA--NOMBRE PERSONAL
Nombre de persona Karajan, Herbert von,
Fechas asociadas al nombre 1908-1989
9 (RLIN) 235581
Término indicativo de función/relación Director musical
710 2# - ENTRADA AGREGADA--NOMBRE DE ENTIDAD CORPORATIVA
Nombre de entidad corporativa o nombre de jurisdicción como elemento de entrada Wiener Symphoniker
9 (RLIN) 235582
852 ## - LOCALIZACIÓN
Ubicación ES-MaACL
Sublocalización o colección R.155013
Ubicación en estantería Depósito J
Número de control de estantería N-9797
Encuadernación Encuadernación cartoné
Donativo/Legado Donación: Miren Fernández
Designación de la unidad física Volumen 2
itemnumber 205565
903 ## - NOMBRE PERSONAL DE DONANTE
a Fernández, Miren
e Donante
942 ## - ELEMENTOS DE ENTRADA SECUNDARIOS (KOHA)
Tipo de ítem Koha Libro impreso
Suprimir en OPAC No
Holdings
Estatus retirado Estado de pérdida Fuente del sistema de clasificación o colocación Estado de daño No para préstamo Biblioteca de origen Biblioteca actual Ubicación en estantería Fecha de adquisición Fuente de adquisición Total de préstamos Signatura topográfica completa Código de barras Visto por última vez Precio de reemplazo Tipo de ítem Koha
    Clasificación decimal universal     Biblioteca del Ateneo de Madrid Biblioteca del Ateneo de Madrid Depósito J 16/05/2025 Donación   N-9797 101230102 16/05/2025 16/05/2025 Archivo de ordenador en CD-ROM, CD o disquete